000 00409nab a2200145Ia 4500
003 ES-SlBCS
005 20210601124257.0
008 140529s1951 xxu||||| |||| 00| 0 eng d
041 _aeng
100 1 _aBondi, Eugene
_951054
245 0 0 _aSt. Nicholas at Bari
_c Eugene Bondi
600 1 4 _aNicolás de Bari, San
_9138963
773 0 _tDominicana
_gvol. 36, nº. 4, 1951, págs. 267-270
_wRev1398
942 _cAR
999 _c512176
_d512176